Inflation report - july 2002 Czech National Bank
Guardado en:
| Formato: | Libro |
|---|---|
| Lenguaje: | inglés |
| Publicado: |
Praha
Czech National Bank
[2002]
|
| Materias: | |
| Etiquetas: |
Sin Etiquetas, Sea el primero en etiquetar este registro!
|
MARC
| LEADER | 00000nam a2200000 4500 | ||
|---|---|---|---|
| 001 | c139636 | ||
| 005 | 20221124092307.8 | ||
| 041 | 0 | |a eng | |
| 044 | |a CZ | ||
| 245 | 1 | 0 | |a Inflation report - july 2002 |b Czech National Bank |
| 264 | 1 | |a Praha |b Czech National Bank |c [2002] | |
| 300 | |a 34 s. |e 1 CD-ROM | ||
| 610 | 2 | 0 | |a banky |
| 610 | 2 | 0 | |a bankovníctvo |
| 610 | 2 | 0 | |a inflácia |
| 610 | 2 | 0 | |a peniaze |
| 610 | 2 | 0 | |a miera úroková |
| 610 | 2 | 0 | |a dopyt |
| 610 | 2 | 0 | |a trh práce |
| 610 | 2 | 0 | |a náklady |
| 610 | 2 | 0 | |a ceny |
| 610 | 2 | 0 | |a dovoz |
| 610 | 2 | 0 | |a mzdy |
| 610 | 2 | 0 | |a produkt domáci hrubý |
| 610 | 2 | 0 | |a údaje štatistické |
| 610 | 2 | 0 | |a Česko |
| 610 | 2 | 0 | |a ČNB Praha |
| 610 | 2 | 0 | |a júl |
| 610 | 2 | 0 | |a 2002 |